| 000 | 02039nam0a22003731 4500 | ||
|---|---|---|---|
| 001 | rc\441854 | ||
| 005 | 20250621085158.0 | ||
| 035 | _a(NLR Aleph) 005687647 | ||
| 090 |
_a7141561 _c7141561 |
||
| 100 | _a20030616d1987 |||y0rusy50 ca | ||
| 101 | 0 | _arus | |
| 102 | _aRU | ||
| 105 | _aa ||||||||| | ||
| 200 | 1 |
_aВсадник на белом коне _eПовести и рассказы _eПер. с каз. _fАкселеу Сейдимбеков _g[Худож. Н. Барабин, Б. Аканаев] |
|
| 210 |
_aАлма-Ата _cЖазушы _d1987 |
||
| 215 |
_a302, [2] с. _cил. _d21 |
||
| 300 | _aПеред вып. дан. авт.: Сейдимбеков Акселеу Сланович | ||
| 327 | 0 | _aСодерж.: Повести: Меж осенью и зимою; Щепоть насыбая; Проводы невесты; Земля отцов; Всадник на белом коне; Рассказы: Горный шалфей; Возвращение; Капканщик; Мать есть мать; Нечаянная добыча, и др. | |
| 464 | 0 |
_12001#$aМеж осенью и зимою _tМеж осенью и зимою |
|
| 464 | 0 |
_12001#$aЩепоть насыбая _tЩепоть насыбая |
|
| 464 | 0 |
_12001#$aПроводы невесты _tПроводы невесты |
|
| 464 | 0 |
_12001#$aЗемля отцов _tЗемля отцов |
|
| 464 | 0 |
_12001#$aВсадник на белом коне _tВсадник на белом коне |
|
| 464 | 0 |
_12001#$aГорный шалфей _tГорный шалфей |
|
| 464 | 0 |
_12001#$aВозвращение _tВозвращение |
|
| 464 | 0 |
_12001#$aКапканщик _tКапканщик |
|
| 464 | 0 |
_12001#$aМать есть мать _tМать есть мать |
|
| 464 | 0 |
_12001#$aНечаянная добыча _tНечаянная добыча |
|
| 700 | 1 |
_aСейдимбеков _bА. _gАкселеу |
|
| 801 | 0 |
_aRU _bNLR _gpsbo |
|
| 801 | 1 |
_aRU _bELAR _2rusmarc |
|
| 852 |
_aNLR _j87-3/2330 |
||
| 942 | _cBOOK | ||
| 980 | _aNB | ||